Statistics for 10 European Countries with the Most English Speakers

Click here to take the quiz!

General Stats

  • This quiz has been taken 1,525 times
  • The average score is 9 of 10

Answer Stats

Speakers%Country% Correct
59,600,00098United Kingdom
100%
23,000,00039France
97%
46,272,50470Germany
97%
10,400,00022Spain
96%
17,000,00034Italy
95%
8,200,00086Sweden
91%
15,030,00090Netherlands
90%
7,574,3035.5Russia
90%
14,300,00037Poland
89%
6,250,00060Belgium
81%

Score Distribution

Percentile by Number Answered

Percent of People with Each Score

Your Score History

You have not taken this quiz